NBA 2K21: Top 5 Highest 3-Point Ratings Per Classic Team - Statistics

General Stats
  • This quiz has been taken 18 times
  • The average score is 184 of 339
Answer Stats
Team Player Rating % Correct
'00-'01 Philadelphia 76ers Allen Iverson 79
100%
'07-'08 Denver Nuggets Allen Iverson 77
100%
'97-'98 San Antonio Spurs Avery Johnson 57
100%
'07-'08 Denver Nuggets Carmelo Anthony 80
100%
'11-'12 New York Knicks Carmelo Anthony 79
100%
'85-'86 Boston Celtics Dennis Johnson 60
100%
'02-'03 Dallas Mavericks Dirk Nowitzki 85
100%
'10-'11 Dallas Mavericks Dirk Nowitzki 90
100%
'05-'06 Miami Heat Dwyane Wade 73
100%
'64-'65 Los Angeles Lakers Jerry West 87
100%
'70-'71 Los Angeles Lakers Jerry West 85
100%
'76-'77 Philadelphia 76ers Julius Erving 69
100%
'00-'01 Los Angeles Lakers Kobe Bryant 79
100%
'03-'04 Los Angeles Lakers Kobe Bryant 79
100%
'15-'16 Cavaliers Kyrie Irving 90
100%
'85-'86 Boston Celtics Larry Bird 98
100%
'92-'93 Charlotte Hornets Larry Johnson 74
100%
'98-'99 New York Knicks Larry Johnson 80
100%
'06-'07 Cleveland Cavaliers LeBron James 82
100%
'12-'13 Heat LeBron James 88
100%
'70-'71 Milwaukee Bucks Lucius Allen 68
100%
'86-'87 Los Angeles Lakers Magic Johnson 76
100%
'90-'91 Los Angeles Lakers Magic Johnson 76
100%
'04-'05 San Antonio Spurs Manu Ginobili 84
100%
'12-'13 Grizzlies Marc Gasol 32
100%
'18-'19 Raptors Marc Gasol 84
100%
'85-'86 Chicago Bulls Michael Jordan 60
100%
'88-'89 Chicago Bulls Michael Jordan 70
100%
'90-'91 Chicago Bulls Michael Jordan 75
100%
'92-'93 Chicago Bulls Michael Jordan 78
100%
'95-'96 Chicago Bulls Michael Jordan 89
100%
'97-'98 Chicago Bulls Michael Jordan 81
100%
'70-'71 Milwaukee Bucks Oscar Robertson 80
100%
'07-'08 Boston Celtics Ray Allen 97
100%
'12-'13 Heat Ray Allen 89
100%
'88-'89 Chicago Bulls Scottie Pippen 66
100%
'90-'91 Chicago Bulls Scottie Pippen 67
100%
'92-'93 Chicago Bulls Scottie Pippen 70
100%
'95-'96 Chicago Bulls Scottie Pippen 87
100%
'99-'00 Portland Trail Blazers Scottie Pippen 77
100%
'02-'03 Dallas Mavericks Steve Nash 90
100%
'04-'05 Phoenix Suns Steve Nash 92
100%
'12-'13 Grizzlies Tony Allen 70
100%
'13-'14 Spurs Tony Parker 81
100%
'92-'93 Charlotte Hornets Dell Curry 88
94%
'99-'00 Toronto Raptors Dell Curry 88
94%
'64-'65 Los Angeles Lakers Elgin Baylor 75
94%
'70-'71 Los Angeles Lakers Elgin Baylor 70
94%
'94-'95 New York Knicks Greg Anthony 80
94%
'99-'00 Portland Trail Blazers Greg Anthony 80
94%
'70-'71 Milwaukee Bucks Greg Smith 35
94%
'88-'89 Detroit Pistons Isiah Thomas 72
94%
'05-'06 Miami Heat Jason Williams 76
94%
'97-'98 Utah Jazz John Stockton 87
94%
'07-'08 Denver Nuggets J.R. Smith 88
94%
'11-'12 New York Knicks J.R. Smith 82
94%
'15-'16 Cavaliers J.R. Smith 94
94%
'93-'94 Houston Rockets Kenny Smith 85
94%
'11-'12 Oklahoma City Thunder Kevin Durant 89
94%
'16-'17 Warriors Kevin Durant 88
94%
'89-'90 Cleveland Cavaliers Reggie Williams 65
94%
'93-'94 Denver Nuggets Reggie Williams 77
94%
'15-'16 Warriors Stephen Curry 99
94%
'16-'17 Warriors Stephen Curry 99
94%
'89-'90 Cleveland Cavaliers Steve Kerr 95
94%
'95-'96 Chicago Bulls Steve Kerr 95
94%
'97-'98 Chicago Bulls Steve Kerr 90
94%
'99-'00 Portland Trail Blazers Steve Smith 83
94%
'09-'10 Portland Trail Blazers Andre Miller 62
88%
'11-'12 New York Knicks Baron Davis 72
88%
'97-'98 Utah Jazz Bryon Russell 80
88%
'03-'04 Los Angeles Lakers Bryon Russell 82
88%
'03-'04 Detroit Pistons Chauncey Billups 84
88%
'90-'91 Portland Trail Blazers Clyde Drexler 79
88%
'10-'11 Chicago Bulls Derrick Rose 76
88%
'12-'13 Grizzlies Ed Davis 25
88%
'05-'06 Miami Heat Gary Payton 75
88%
'94-'95 New York Knicks Hubert Davis 93
88%
'01-'02 New Jersey Nets Jason Kidd 74
88%
'88-'89 Detroit Pistons Joe Dumars 85
88%
'03-'04 Minnesota Timberwolves Kevin Garnett 69
88%
'15-'16 Warriors Klay Thompson 97
88%
'16-'17 Warriors Klay Thompson 97
88%
'18-'19 Raptors Malcolm Miller 84
88%
'05-'06 Memphis Grizzlies Mike Miller 88
88%
'12-'13 Heat Mike Miller 89
88%
'07-'08 Boston Celtics Paul Pierce 92
88%
'94-'95 Orlando Magic Penny Hardaway 80
88%
'02-'03 Phoenix Suns Penny Hardaway 80
88%
'84-'85 Milwaukee Bucks Ricky Pierce 72
88%
'90-'91 Golden State Warriors Tim Hardaway 82
88%
'96-'97 Miami Heat Tim Hardaway 80
88%
'99-'00 Toronto Raptors Tracy McGrady 79
88%
'07-'08 Houston Rockets Tracy McGrady 81
88%
'99-'00 Toronto Raptors Vince Carter 88
88%
'90-'91 Portland Trail Blazers Walter Davis 70
88%
'86-'87 Los Angeles Lakers A.C. Green 60
81%
'02-'03 Phoenix Suns Amar'e Stoudemire 50
81%
'90-'91 Golden State Warriors Chris Mullin 90
81%
'13-'14 Clippers Chris Paul 82
81%
'99-'00 Portland Trail Blazers Damon Stoudamire 85
81%
'13-'14 Spurs Danny Green 86
81%
'18-'19 Raptors Danny Green 86
81%
'03-'04 Detroit Pistons Darvin Ham 79
81%
'15-'16 Warriors Draymond Green 85
81%
'13-'14 Pacers George Hill 83
81%
'11-'12 Oklahoma City Thunder James Harden 89
81%
'94-'95 Orlando Magic Nick Anderson 88
81%
'03-'04 Detroit Pistons Richard Hamilton 86
81%
'02-'03 Phoenix Suns Shawn Marion 84
81%
'04-'05 Phoenix Suns Shawn Marion 79
81%
'85-'86 Atlanta Hawks Spud Webb 60
81%
'95-'96 Chicago Bulls Toni Kukoc 84
81%
'97-'98 Chicago Bulls Toni Kukoc 80
81%
'71-'72 New York Knicks Walt Frazier 74
81%
'09-'10 Portland Trail Blazers Brandon Roy 76
75%
'06-'07 Cleveland Cavaliers Damon Jones 92
75%
'03-'04 Los Angeles Lakers Devean George 78
75%
'85-'86 Atlanta Hawks Dominique Wilkins 70
75%
'97-'98 Los Angeles Lakers Eddie Jones 85
75%
'05-'06 Memphis Grizzlies Eddie Jones 81
75%
'00-'01 Philadelphia 76ers Jumaine Jones 60
75%
'13-'14 Spurs Kawhi Leonard 83
75%
'18-'19 Raptors Kawhi Leonard 83
75%
'64-'65 Boston Celtics K.C. Jones 63
75%
'13-'14 Pacers Paul George 84
75%
'01-'02 Sacramento Kings Peja Stojaković 96
75%
'10-'11 Dallas Mavericks Peja Stojaković 86
75%
'00-'01 Los Angeles Lakers Rick Fox 84
75%
'03-'04 Los Angeles Lakers Rick Fox 84
75%
'03-'04 Minnesota Timberwolves Sam Cassell 88
75%
'07-'08 Boston Celtics Sam Cassell 76
75%
'64-'65 Boston Celtics Sam Jones 86
75%
'90-'91 Chicago Bulls B.J. Armstrong 91
69%
'92-'93 Chicago Bulls B.J. Armstrong 89
69%
'86-'87 Los Angeles Lakers Byron Scott 90
69%
'90-'91 Los Angeles Lakers Byron Scott 79
69%
'94-'95 Orlando Magic Dennis Scott 89
69%
'90-'91 Los Angeles Lakers James Worthy 67
69%
'64-'65 Boston Celtics John Havlicek 78
69%
'85-'86 Chicago Bulls John Paxson 75
69%
'88-'89 Chicago Bulls John Paxson 79
69%
'90-'91 Chicago Bulls John Paxson 88
69%
'92-'93 Chicago Bulls John Paxson 88
69%
'98-'99 New York Knicks Latrell Sprewell 70
69%
'03-'04 Minnesota Timberwolves Latrell Sprewell 75
69%
'12-'13 Grizzlies Mike Conley 86
69%
'12-'13 Grizzlies Zach Randolph 44
69%
'16-'17 Warriors Andre Iguodala 78
63%
'01-'02 Sacramento Kings Bobby Jackson 80
63%
'05-'06 Memphis Grizzlies Bobby Jackson 84
63%
'89-'90 Cleveland Cavaliers Chucky Brown 54
63%
'85-'86 Boston Celtics Danny Ainge 81
63%
'90-'91 Portland Trail Blazers Danny Ainge 86
63%
'99-'00 Toronto Raptors Dee Brown 85
63%
'97-'98 Los Angeles Lakers Derek Fisher 83
63%
'00-'01 Los Angeles Lakers Derek Fisher 88
63%
'11-'12 Oklahoma City Thunder Derek Fisher 80
63%
'94-'95 New York Knicks Derek Harper 79
63%
'95-'96 Seattle SuperSonics Detlef Schrempf 89
63%
'99-'00 Portland Trail Blazers Detlef Schrempf 87
63%
'76-'77 Philadelphia 76ers Henry Bibby 80
63%
'97-'98 San Antonio Spurs Jaren Jackson 83
63%
'06-'07 Golden State Warriors Jason Richardson 81
63%
'97-'98 Utah Jazz Jeff Hornacek 92
63%
'04-'05 Phoenix Suns Jim Jackson 86
63%
'01-'02 New Jersey Nets Keith Van Horn 80
63%
'01-'02 Sacramento Kings Mike Bibby 81
63%
'11-'12 New York Knicks Mike Bibby 73
63%
'90-'91 Golden State Warriors Mitch Richmond 81
63%
'04-'05 Phoenix Suns Quentin Richardson 88
63%
'06-'07 Golden State Warriors Stephen Jackson 78
63%
'05-'06 Miami Heat Antoine Walker 81
56%
'06-'07 Washington Wizards Caron Butler 75
56%
'10-'11 Dallas Mavericks Caron Butler 86
56%
'71-'72 New York Knicks Earl Monroe 70
56%
'01-'02 New Jersey Nets Kenyon Martin 79
56%
'89-'90 Cleveland Cavaliers Mark Price 87
56%
'86-'87 Los Angeles Lakers Michael Cooper 82
56%
'99-'00 Toronto Raptors Muggsy Bogues 79
56%
'15-'16 Cavaliers Richard Jefferson 82
56%
'93-'94 Houston Rockets Robert Horry 81
56%
'97-'98 Los Angeles Lakers Robert Horry 80
56%
'00-'01 Los Angeles Lakers Robert Horry 84
56%
'04-'05 San Antonio Spurs Robert Horry 84
56%
'84-'85 Milwaukee Bucks Sidney Moncrief 68
56%
'98-'99 New York Knicks Allan Houston 87
50%
'18-'19 Raptors Fred VanVleet 83
50%
'70-'71 Los Angeles Lakers Gail Goodrich 88
50%
'06-'07 Washington Wizards Gilbert Arenas 83
50%
'13-'14 Clippers JJ Redick 86
50%
'94-'95 New York Knicks John Starks 86
50%
'09-'10 Portland Trail Blazers LaMarcus Aldridge 74
50%
'90-'91 Portland Trail Blazers Terry Porter 86
50%
'64-'65 Boston Celtics Tom Heinsohn 84
50%
'06-'07 Washington Wizards Antawn Jamison 81
44%
'96-'97 Miami Heat Bruce Bowen 82
44%
'04-'05 San Antonio Spurs Bruce Bowen 89
44%
'10-'11 Chicago Bulls Carlos Boozer 33
44%
'85-'86 Chicago Bulls George Gervin 65
44%
'10-'11 Chicago Bulls Kyle Korver 92
44%
'97-'98 Los Angeles Lakers Nick Van Exel 86
44%
'02-'03 Dallas Mavericks Nick Van Exel 84
44%
'90-'91 Los Angeles Lakers Sam Perkins 75
44%
'95-'96 Seattle SuperSonics Sam Perkins 87
44%
'05-'06 Memphis Grizzlies Shane Battier 86
44%
'07-'08 Houston Rockets Shane Battier 82
44%
'12-'13 Heat Shane Battier 89
44%
'11-'12 Oklahoma City Thunder Thabo Sefolosha 89
44%
'00-'01 Philadelphia 76ers Aaron McKie 74
38%
'84-'85 Milwaukee Bucks Craig Hodges 84
38%
'88-'89 Chicago Bulls Craig Hodges 92
38%
'90-'91 Chicago Bulls Craig Hodges 86
38%
'95-'96 Seattle SuperSonics Hersey Hawkins 84
38%
'64-'65 Los Angeles Lakers Jim King 70
38%
'01-'02 New Jersey Nets Kerry Kittles 87
38%
'04-'05 Phoenix Suns Leandro Barbosa 81
38%
'15-'16 Warriors Leandro Barbosa 80
38%
'97-'98 San Antonio Spurs Sean Elliott 85
38%
'88-'89 Detroit Pistons Bill Laimbeer 84
31%
'04-'05 San Antonio Spurs Brent Barry 85
31%
'96-'97 Miami Heat Dan Majerle 85
31%
'71-'72 New York Knicks Dave DeBusschere 69
31%
'00-'01 Philadelphia 76ers Eric Snow 67
31%
'15-'16 Warriors Harrison Barnes 85
31%
'13-'14 Clippers Jamal Crawford 80
31%
'88-'89 Detroit Pistons John Long 73
31%
'97-'98 Los Angeles Lakers Jon Barry 82
31%
'88-'89 Detroit Pistons Mark Aguirre 68
31%
'06-'07 Golden State Warriors Matt Barnes 82
31%
'16-'17 Warriors Matt Barnes 77
31%
'02-'03 Dallas Mavericks Michael Finley 84
31%
'02-'03 Phoenix Suns Stephon Marbury 74
31%
'03-'04 Minnesota Timberwolves Wally Szczerbiak 89
31%
'70-'71 Milwaukee Bucks Bob Dandridge 77
25%
'06-'07 Cleveland Cavaliers Daniel Gibson 85
25%
'13-'14 Clippers Darren Collison 83
25%
'90-'91 Portland Trail Blazers Drazen Petrovic 95
25%
'13-'14 Pacers Evan Turner 77
25%
'94-'95 Orlando Magic Jeff Turner 82
25%
'95-'96 Chicago Bulls Jud Buechler 90
25%
'97-'98 Chicago Bulls Jud Buechler 82
25%
'13-'14 Spurs Marco Belinelli 88
25%
'95-'96 Seattle SuperSonics Nate McMillan 83
25%
'09-'10 Portland Trail Blazers Nicolas Batum 85
25%
'09-'10 Portland Trail Blazers Patty Mills 83
25%
'13-'14 Spurs Patty Mills 87
25%
'12-'13 Heat Rashard Lewis 84
25%
'06-'07 Washington Wizards Roger Mason 76
25%
'10-'11 Chicago Bulls Taj Gibson 35
25%
'89-'90 Cleveland Cavaliers Craig Ehlo 86
19%
'64-'65 Los Angeles Lakers Dick Barnett 74
19%
'71-'72 New York Knicks Dick Barnett 78
19%
'85-'86 Atlanta Hawks Doc Rivers 57
19%
'64-'65 Los Angeles Lakers Don Nelson 67
19%
'94-'95 New York Knicks Doug Christie 74
19%
'99-'00 Toronto Raptors Doug Christie 80
19%
'01-'02 Sacramento Kings Doug Christie 77
19%
'11-'12 New York Knicks Iman Shumpert 72
19%
'00-'01 Los Angeles Lakers Isaiah Rider 84
19%
'71-'72 New York Knicks Jerry Lucas 80
19%
'70-'71 Milwaukee Bucks Jon McGlocklin 87
19%
'92-'93 Charlotte Hornets Kendall Gill 71
19%
'13-'14 Pacers Lance Stephenson 79
19%
'06-'07 Cleveland Cavaliers Larry Hughes 85
19%
'90-'91 Golden State Warriors Mario Elie 77
19%
'93-'94 Houston Rockets Mario Elie 82
19%
'15-'16 Cavaliers Matthew Dellavedova 84
19%
'93-'94 Houston Rockets Scott Brooks 84
19%
'86-'87 Los Angeles Lakers Wes Matthews 50
19%
'76-'77 Philadelphia 76ers World B. Free 78
19%
'06-'07 Golden State Warriors Al Harrington 93
13%
'98-'99 New York Knicks Charlie Ward 85
13%
'03-'04 Detroit Pistons Corliss Williamson 51
13%
'97-'98 Utah Jazz Howard Eisley 80
13%
'15-'16 Cavaliers Jordan McRae 83
13%
'64-'65 Boston Celtics Larry Siegfried 77
13%
'03-'04 Detroit Pistons Lindsey Hunter 72
13%
'93-'94 Denver Nuggets Mahmoud Abdul-Rauf 82
13%
'07-'08 Denver Nuggets Marcus Camby 65
13%
'07-'08 Houston Rockets Rafer Alston 79
13%
'85-'86 Chicago Bulls Rod Higgins 66
13%
'90-'91 Golden State Warriors Rod Higgins 80
13%
'93-'94 Denver Nuggets Rodney Rogers 82
13%
'97-'98 Chicago Bulls Scott Burrell 81
13%
'97-'98 San Antonio Spurs Vinny Del Negro 81
13%
'05-'06 Memphis Grizzlies Brian Cardinal 88
6%
'10-'11 Dallas Mavericks Brian Cardinal 91
6%
'03-'04 Los Angeles Lakers Brian Cook 84
6%
'01-'02 New Jersey Nets Brian Scalabrine 89
6%
'07-'08 Boston Celtics Brian Scalabrine 89
6%
'10-'11 Chicago Bulls Brian Scalabrine 70
6%
'94-'95 Orlando Magic Brian Shaw 70
6%
'93-'94 Denver Nuggets Bryant Stith 65
6%
'11-'12 Oklahoma City Thunder Daequan Cook 84
6%
'76-'77 Philadelphia 76ers Doug Collins 76
6%
'95-'96 Seattle SuperSonics Frank Brickowski 85
6%
'01-'02 Sacramento Kings Hedo Turkoglu 77
6%
'13-'14 Clippers Hedo Turkoglu 88
6%
'05-'06 Miami Heat James Posey 85
6%
'07-'08 Boston Celtics James Posey 83
6%
'92-'93 Charlotte Hornets Johnny Newman 72
6%
'96-'97 Miami Heat Keith Askins 85
6%
'70-'71 Los Angeles Lakers Keith Erickson 67
6%
'13-'14 Pacers Luis Scola 81
6%
'93-'94 Houston Rockets Matt Bullard 83
6%
'76-'77 Philadelphia 76ers Mike Dunleavy 75
6%
'84-'85 Milwaukee Bucks Mike Dunleavy 78
6%
'93-'94 Denver Nuggets Robert Pack 62
6%
'85-'86 Atlanta Hawks Scott Hastings 61
6%
'85-'86 Boston Celtics Scott Wedman 72
6%
'07-'08 Houston Rockets Steve Novak 92
6%
'11-'12 New York Knicks Steve Novak 96
6%
'92-'93 Charlotte Hornets Tony Bennett 80
6%
'04-'05 San Antonio Spurs Beno Udrih 79
0%
'88-'89 Chicago Bulls Brad Sellers 66
0%
'02-'03 Phoenix Suns Casey Jacobsen 75
0%
'97-'98 San Antonio Spurs Chuck Person 84
0%
'95-'96 Seattle SuperSonics David Wingate 83
0%
'98-'99 New York Knicks David Wingate 70
0%
'06-'07 Washington Wizards DeShawn Stevenson 85
0%
'10-'11 Dallas Mavericks DeShawn Stevenson 89
0%
'06-'07 Cleveland Cavaliers Donyell Marshall 79
0%
'92-'93 Chicago Bulls Ed Nealy 70
0%
'02-'03 Dallas Mavericks Eduardo Najera 88
0%
'07-'08 Denver Nuggets Eduardo Najera 81
0%
'70-'71 Los Angeles Lakers Fred Hetzel 74
0%
'03-'04 Minnesota Timberwolves Fred Hoiberg 86
0%
'00-'01 Philadelphia 76ers George Lynch 60
0%
'97-'98 Utah Jazz Jacque Vaughn 80
0%
'13-'14 Clippers Jared Dudley 80
0%
'85-'86 Boston Celtics Jerry Sichting 68
0%
'96-'97 Miami Heat John Crotty 85
0%
'06-'07 Golden State Warriors Kelenna Azubuike 84
0%
'84-'85 Milwaukee Bucks Kevin Grevey 77
0%
'85-'86 Chicago Bulls Kyle Macy 85
0%
'90-'91 Los Angeles Lakers Larry Drew 78
0%
'07-'08 Houston Rockets Luther Head 83
0%
'85-'86 Atlanta Hawks Randy Wittman 75
0%
No matching quizzes found
Score Distribution
Percent of People with Each Score
Percentile by Number Answered
Your Score History
You have not taken this quiz